Library Logo

Pioneer International University Library Catalogue

JAMESTOWN, JOHN SMITH AND POCAHONTAS IN AMERICAN HISTORY/ (Record no. 9793)

MARC details
000 -LEADER
fixed length control field 00500nam a22001697a 4500
003 - CONTROL NUMBER IDENTIFIER
control field OSt
005 - DATE AND TIME OF LATEST TRANSACTION
control field 20251113124952.0
008 - FIXED-LENGTH DATA ELEMENTS--GENERAL INFORMATION
fixed length control field 251113b |||||||| |||| 00| 0 eng d
010 ## - LIBRARY OF CONGRESS CONTROL NUMBER
LC control number 2001003002
020 ## - INTERNATIONAL STANDARD BOOK NUMBER
International Standard Book Number 0766018423
040 ## - CATALOGING SOURCE
Transcribing agency ENSLOW PUBLISHERS ,INC
050 ## - LIBRARY OF CONGRESS CALL NUMBER
Classification number F 234 .J3 .E38 2002
Item number .E38 2002
245 ## - TITLE STATEMENT
Title JAMESTOWN, JOHN SMITH AND POCAHONTAS IN AMERICAN HISTORY/
Statement of responsibility, etc. EDWARDS, JUDITH
250 ## - EDITION STATEMENT
Edition statement 1ST EDITION
260 ## - PUBLICATION, DISTRIBUTION, ETC.
Place of publication, distribution, etc. UNITED KINGDOM:
Name of publisher, distributor, etc. ENSLOW PUBLISHERS ,INC,
Date of publication, distribution, etc. 2002
942 ## - ADDED ENTRY ELEMENTS (KOHA)
Source of classification or shelving scheme Library of Congress Classification
Koha item type Books
Suppress in OPAC No
Holdings
Withdrawn status Lost status Source of classification or shelving scheme Damaged status Not for loan Home library Current library Date acquired Total checkouts Barcode Date last seen Price effective from Koha item type
    Library of Congress Classification     PIU Library PIU Library 11/13/2025   PIUDL783 11/13/2025 11/13/2025 Books